书目信息 |
| 题名: |
量.单位和符号的一般原则
|
|
| 作者: | 李慎安 编 | |
| 分册: | ||
| 出版信息: | 北京 计量出版社 1983.5 |
|
| 页数: | 52页 | |
| 开本: | 20cm | |
| 丛书名: | 量和单位丛书 | |
| 单 册: | ||
| 中图分类: | TB91 | |
| 科图分类: | ||
| 主题词: | 计量单位 , 单位制 | |
| 电子资源: | ||
| ISBN: | ||
| 000 | 00594nam0 2200217 45 | |
| 001 | 0312221749 | |
| 005 | 20031222170910.1 | |
| 010 | @dCNY0.26 | |
| 100 | @a20031222d1983 km y0chiy0120 ea | |
| 101 | @achi | |
| 105 | @a z 000yy | |
| 200 | 1 | @a量.单位和符号的一般原则@ALiang.Dan Wei He Fu Hao De Yi Ban Yuan Ze@f李慎安编@FLi Shen An Bian |
| 210 | @a北京@c计量出版社@d1983.5 | |
| 215 | @a52页@d20cm | |
| 225 | 2 | @a量和单位丛书 |
| 606 | 0 | @a计量单位 |
| 606 | 0 | @a单位制 |
| 690 | @aTB91@v3 | |
| 701 | 0 | @a李慎安@4编 |
| 801 | @aCN@bTSTCL@c20031222 | |
| 905 | @a213230@dTB91@e24@b91377-379@f3 | |
| 量.单位和符号的一般原则/李慎安编.-北京:计量出版社,1983.5 |
| 52页;20cm.-(量和单位丛书) |
| ISBN :CNY0.26 |
| ● |
| 相关链接 |
|
|
|
|
正题名:量·单位和符号的一般原则
索取号:TB91/24
 
预约/预借
| 序号 | 登录号 | 条形码 | 馆藏地/架位号 | 状态 | 备注 |
| 1 | 0091377 | 001361092 | 密集书库/ [索取号:TB91/24] | 在馆 | |
| 2 | 0091378 | 001361136 | 密集书库/ [索取号:TB91/24] | 在馆 | |
| 3 | 0091379 | 001361056 | 第二样本阅览室/ [索取号:TB91/24] | 在馆 |